000 00413 a2200145 4500
005 20250530101021.0
020 _a9781408230879
100 _aWOOD, F
245 _aPrinciples of Accounts for East Africa: Students' Book
250 _a2nd Ed.
260 _aHarlow
_bPearson Education Limited
_c2011
300 _aiii, 372p.
_bill; tables,
_c27.5cm.
700 _aKAMASANYU, D; MAGATI, P; BAKAMA, B
942 _2ddc
_cBKS
999 _c2881
_d2881